000 00580nam a2200229Ia 4500
008 200601s9999 xx 000 0 und d
020 _a978-0-471-92242-1
050 _aREF F 1216
050 _b.B35 2006
100 _aBaird, David.
245 0 _aMexico 2007 /
245 0 _cDavid Baird & Lynne Bairstow.
260 _aNew Jersey :
260 _bWiley Publishing,
260 _c2007
300 _a784 pages :
300 _billustrations (some color) ;
300 _c21 cm.
440 _aFrommer's
500 _aIncludes index.
650 _aMexico -- Guidebooks.
999 _c363319
_d363319